Highest Countries Outside of the Himalayas - Statistics

General Stats
  • This quiz has been taken 32 times
  • The average score is 9 of 10
Answer Stats
Height in m Country % Correct
6190 United States
97%
6542 Bolivia
94%
5959 Canada
94%
6961 Argentina
90%
6893 Chile
90%
6768 Peru
90%
6263 Ecuador
81%
7010 Kazakhstan
81%
7439 Kyrgyzstan
77%
7495 Tajikistan
77%
No matching quizzes found
Score Distribution
Percent of People with Each Score
Percentile by Number Answered
Your Score History
You have not taken this quiz